Những ông chủ thực sự của thế giới /

Sách giúp bạn đọc nhìn rõ hơn bản chất thối nát, phản động, phản nhân loại của chủ nghĩa tư bản lũng đoạn, của chủ nghĩa đế quốc đứng đầu là Mỹ trong thời đại ngày nay.

محفوظ في:
التفاصيل البيبلوغرافية
المؤلف الرئيسي: Gonzalez-Mata, Luis M.
مؤلفون آخرون: Thiên Bảo (dịch.)
التنسيق: كتاب
اللغة:Vietnamese
منشور في: Hà Nội : Công an nhân dân, 2000.
الموضوعات:
الوسوم: إضافة وسم
لا توجد وسوم, كن أول من يضع وسما على هذه التسجيلة!
Thư viện lưu trữ: Mạng thư viện Đại học Đà Nẵng
LEADER 01229cam a2200373 i 4500
001 000046582
003 6080
005 20030929111614.0
008 010307b2000 vm 000 vie
020 |c 50000 
022 |a T 
040 |a IRC  |c IRC  |d IRC 
041 1 |a vie 
082 1 4 |a 320.04  |b GO-L 
100 1 |a Gonzalez-Mata, Luis M. 
245 0 6 |a Những ông chủ thực sự của thế giới /  |c Luis M. Gonzalez-Mata ; Thiên Bảo dịch. 
260 |a Hà Nội :  |b Công an nhân dân,  |c 2000. 
300 |a 591tr. ;  |c 19cm. 
520 3 |a Sách giúp bạn đọc nhìn rõ hơn bản chất thối nát, phản động, phản nhân loại của chủ nghĩa tư bản lũng đoạn, của chủ nghĩa đế quốc đứng đầu là Mỹ trong thời đại ngày nay. 
630 0 4 |a Chủ nghĩa đế quốc. 
630 0 4 |a Chủ nghĩa tư bản. 
650 0 4 |a Đế quốc chủ nghĩa. 
650 0 4 |a Tư bản chủ nghĩa. 
700 1 |a Thiên Bảo,  |e dịch. 
OWN |a DUT 
999 |a From the UDN01 
TYP |a Monograph 
TYP |a Printed language 
980 |a Mạng thư viện Đại học Đà Nẵng